[Event "South America-ch U18 Girls 16th"]
[Site "Buenos Aires"]
[Date "2019.12.05"]
[Round "8.6"]
[White "Munoz, Clara Belen"]
[Black "Bank, Valeria"]
[Result "0-1"]
[WhiteElo "1478"]
[BlackElo "1883"]
[PlyCount "66"]
[EventDate "2019.12.01"]
[EventType "swiss"]
[EventRounds "9"]
[EventCountry "ARG"]
[SourceTitle "EXT 2024"]
[Source "ChessBase"]
[SourceDate "2023.10.10"]
[SourceVersion "1"]
[SourceVersionDate "2023.10.10"]
[SourceQuality "1"]

1. e4 c5 2. Nf3 Nc6 3. d4 cxd4 4. Nxd4 Nf6 5. Nc3 d6 6. Be2 g6 7. Be3 Bg7 8. f3 d5 9. exd5 Nxd5 10. Nxd5 Qxd5 11. c3 0-0 12. Nxc6 Qxc6 13. 0-0 Bf5 14. Qc1 Rfd8 15. Bh6 Bxh6 16. Qxh6 Qb6+ 17. Kh1 Qxb2 18. Qe3 Rac8 19. Rfc1 Rd2 20. Bf1 Rc2 21. Re1 Qxc3 22. Qxe7 Qc7 23. Qa3 Qc5 24. Qb3 b6 25. Qa4 Qc7 26. Ba6 Rd8 27. a3 Be6 28. h3 Rdd2 29. Rg1 Bxh3 30. Bf1 Qg3 31. Qxc2 Rxc2 32. Rd1 Be6 33. a4 Qh4# 0-1

[Event "Pan American-ch U18 Girls"]
[Site "Guayaquil"]
[Date "2019.07.24"]
[Round "6"]
[White "Estrada Cantaro, Alexandra Fiore"]
[Black "Bank, Valeria"]
[Result "1-0"]
[WhiteElo "1711"]
[BlackElo "1875"]
[PlyCount "57"]
[EventDate "2019.07.21"]
[EventType "swiss"]
[EventRounds "9"]
[EventCountry "ECU"]
[SourceTitle "EXT 2020"]
[Source "ChessBase"]
[SourceDate "2019.10.17"]
[SourceVersion "1"]
[SourceVersionDate "2019.10.17"]
[SourceQuality "1"]

1. e4 c5 2. Nf3 Nc6 3. d4 cxd4 4. Nxd4 g6 5. c4 Bg7 6. Nc2 Nf6 7. Nc3 0-0 8. Be2 d6 9. 0-0 Be6 10. Rb1 a5 11. b3 Nb4 12. Bb2 Bd7 13. a4 Nxc2 14. Qxc2 Bc6 15. f3 Nd7 16. Nd5 Bxb2 17. Qxb2 Bxd5 18. exd5 Qb6+ 19. Kh1 Qb4 20. Bd3 Nc5 21. Qc2 Rfe8 22. f4 e5 23. dxe6 Rxe6 24. f5 Re3 25. Qf2 Rxd3 26. fxg6 hxg6 27. Qxf7+ Kh8 28. Rf4 Rd5 29. Qxg6 1-0

[Event "Pan American-ch U18 Girls"]
[Site "Guayaquil"]
[Date "2019.07.21"]
[Round "1"]
[White "Bank, Valeria"]
[Black "Ruiz Villalba, Andrea"]
[Result "1-0"]
[WhiteElo "1875"]
[BlackElo "1650"]
[PlyCount "37"]
[EventDate "2019.07.21"]
[EventType "swiss"]
[EventRounds "9"]
[EventCountry "ECU"]
[SourceTitle "EXT 2020"]
[Source "ChessBase"]
[SourceDate "2019.10.17"]
[SourceVersion "1"]
[SourceVersionDate "2019.10.17"]
[SourceQuality "1"]

1. e4 c5 2. Nf3 d6 3. d4 cxd4 4. Nxd4 Nf6 5. Nc3 g6 6. Be3 Bg7 7. f3 0-0 8. Qd2 Nc6 9. 0-0-0 d5 10. Nxc6 bxc6 11. exd5 Nxd5 12. Bc4 Bf5 13. Bd4 e5 14. Bc5 Re8 15. g4 Be6 16. Ne4 Qh4 17. Kb1 Red8 18. g5 Nb6 19. Qxd8+ 1-0

[Event "Buenos Aires Szmetan Giardelli op"]
[Site "Buenos Aires"]
[Date "2018.12.06"]
[Round "3"]
[White "Soza, Fernando"]
[Black "Bank, Valeria"]
[Result "1-0"]
[WhiteElo "1842"]
[BlackElo "1700"]
[PlyCount "77"]
[EventDate "2018.12.04"]
[EventType "swiss"]
[EventRounds "9"]
[EventCountry "ARG"]
[SourceTitle "CBM 187 Extra"]
[Source "ChessBase"]
[SourceDate "2018.11.04"]
[SourceVersion "1"]
[SourceVersionDate "2018.11.04"]
[SourceQuality "1"]

1. Nf3 Nf6 2. c4 g6 3. d4 c5 4. d5 e6 5. Nc3 exd5 6. cxd5 d6 7. Nd2 Na6 8. e4 Nc7 9. Be2 Bg7 10. 0-0 0-0 11. a4 b6 12. Nc4 Ba6 13. Bg5 Bxc4 14. Bxc4 a6 15. f4 Qe8 16. Qf3 h6 17. Bh4 Nh7 18. Bg3 f6 19. h4 Rb8 20. f5 b5 21. Bb3 c4 22. fxg6 Qxg6 23. Bxd6 cxb3 24. Bxc7 Rb7 25. d6 Ng5 26. hxg5 fxg5 27. Qd3 Qh5 28. Qd5+ Kh7 29. Rxf8 Bxf8 30. Qxb7 Bg7 31. Bb6 Kg6 32. Qd5 Qh4 33. Qf5+ Kh5 34. g4+ Qxg4+ 35. Qxg4+ Kxg4 36. axb5 a5 37. d7 Bf6 38. e5 Be7 39. Nd5 1-0

[Event "ARG-ch U16 Girls"]
[Site "Villa Martelli"]
[Date "2018.02.10"]
[Round "4.2"]
[White "Bank, Valeria"]
[Black "Mora, Oriana"]
[Result "1-0"]
[WhiteElo "1768"]
[BlackElo "1467"]
[PlyCount "65"]
[EventDate "2018.02.09"]
[EventType "swiss"]
[EventRounds "9"]
[EventCountry "ARG"]
[SourceTitle "EXT 2024"]
[Source "ChessBase"]
[SourceDate "2023.10.10"]
[SourceVersion "1"]
[SourceVersionDate "2023.10.10"]
[SourceQuality "1"]

1. e4 d6 2. d4 Nf6 3. Nc3 g6 4. f4 Bg7 5. Nf3 c5 6. dxc5 Qa5 7. Bd2 Qxc5 8. Bd3 a6 9. Qe2 Nbd7 10. h3 b5 11. e5 dxe5 12. fxe5 Ng8 13. Be3 Qc7 14. Bd4 Bb7 15. e6 Ndf6 16. exf7+ Kxf7 17. 0-0 Bxf3 18. Qxf3 Rd8 19. Be3 Ke8 20. g4 e6 21. Rae1 Ne7 22. Bf2 Rf8 23. Rxe6 Nh5 24. Qe4 Ng3 25. Bxg3 Qxg3+ 26. Qg2 Rxf1+ 27. Kxf1 Qxg2+ 28. Kxg2 Bxc3 29. bxc3 Ra8 30. Be4 Ra7 31. Kg3 Kf7 32. Rb6 h6 33. Bb7 1-0

[Event "ARG-ch U16 Girls"]
[Site "Villa Martelli"]
[Date "2018.02.10"]
[Round "3.1"]
[White "Belmonte, Dulce"]
[Black "Bank, Valeria"]
[Result "1-0"]
[WhiteElo "1656"]
[BlackElo "1768"]
[PlyCount "101"]
[EventDate "2018.02.09"]
[EventType "swiss"]
[EventRounds "9"]
[EventCountry "ARG"]
[SourceTitle "EXT 2024"]
[Source "ChessBase"]
[SourceDate "2023.10.10"]
[SourceVersion "1"]
[SourceVersionDate "2023.10.10"]
[SourceQuality "1"]

1. d4 Nf6 2. c4 c5 3. d5 e6 4. Nc3 exd5 5. cxd5 d6 6. e4 g6 7. Nf3 Bg7 8. h3 0-0 9. Bd3 a6 10. a4 Nbd7 11. 0-0 Nh5 12. Be2 f5 13. exf5 gxf5 14. Ng5 Nhf6 15. Ne6 Qe7 16. Nxf8 Nxf8 17. Bd3 Ng6 18. Re1 Qf7 19. Qc2 Nh4 20. Bg5 Nxg2 21. Kxg2 Qg6 22. Qd2 h6 23. h4 Ng4 24. Qe2 Bd7 25. Qxg4 Qf7 26. Qg3 hxg5 27. Qxg5 Kf8 28. Re3 f4 29. Bg6 Bf6 30. Rf3 Qe7 31. Qh6+ Qg7 32. Qxg7+ Kxg7 33. h5 Be5 34. Rh1 Kh6 35. Bf7 b5 36. Be6 Be8 37. Ne2 Kg5 38. Rfh3 Ra7 39. Kf3 Bxb2 40. Rg1+ Kh6 41. Nxf4 c4 42. Rg6+ Kh7 43. Rg8 Bf7 44. Rd8 c3 45. Bf5+ Kg7 46. h6+ Kf6 47. h7 Kxf5 48. h8Q c2 49. Qxb2 Rc7 50. Rxd6 c1Q 51. Qf6# 1-0

[Event "Wch U16 Girls"]
[Site "Montevideo"]
[Date "2017.09.22"]
[Round "6"]
[White "Mostacero Velarde, Isabella Maribel"]
[Black "Bank, Valeria"]
[Result "0-1"]
[WhiteElo "1760"]
[BlackElo "1684"]
[PlyCount "70"]
[EventDate "2017.09.17"]
[EventType "swiss"]
[EventRounds "11"]
[EventCountry "URU"]
[SourceTitle "CBM 180 Extra"]
[Source "ChessBase"]
[SourceDate "2017.10.06"]
[SourceVersion "1"]
[SourceVersionDate "2017.10.06"]
[SourceQuality "1"]

1. e4 c5 2. Nf3 Nc6 3. d4 cxd4 4. Nxd4 g6 5. c4 Bg7 6. Be3 Nf6 7. Nc3 d6 8. f3 0-0 9. Qd2 Nxd4 10. Bxd4 Nd7 11. Be3 a5 12. b3 Nc5 13. Be2 Bd7 14. 0-0 Bc6 15. Rfc1 e6 16. Rab1 Be5 17. Bf1 Qh4 18. g3 Qe7 19. Bg2 Rfd8 20. Ne2 b6 21. Nd4 Bb7 22. b4 axb4 23. Rxb4 Ra6 24. Rcb1 Rda8 25. R1b2 Ra3 26. Bf1 Qf6 27. Be2 Rxe3 28. Nb5 Rxe2 29. Qxe2 Bxb2 30. Rxb2 Qe7 31. Rd2 Rd8 32. Qd1 Rd7 33. Nxd6 Ba6 34. e5 Nb7 35. Nc8 Qc5+ 0-1

[Event "Wch U16 Girls"]
[Site "Montevideo"]
[Date "2017.09.18"]
[Round "3"]
[White "Bank, Valeria"]
[Black "Olde, Grete"]
[Result "0-1"]
[WhiteElo "1684"]
[BlackElo "1832"]
[PlyCount "58"]
[EventDate "2017.09.17"]
[EventType "swiss"]
[EventRounds "11"]
[EventCountry "URU"]
[SourceTitle "CBM 180 Extra"]
[Source "ChessBase"]
[SourceDate "2017.10.06"]
[SourceVersion "1"]
[SourceVersionDate "2017.10.06"]
[SourceQuality "1"]

1. e4 e5 2. Nf3 Nc6 3. Bb5 a6 4. Ba4 Nf6 5. 0-0 Be7 6. Re1 b5 7. Bb3 d6 8. c3 0-0 9. d4 exd4 10. cxd4 Bg4 11. Be3 d5 12. e5 Ne4 13. h3 Bh5 14. Nc3 Nxc3 15. bxc3 Na5 16. Bc2 Nc4 17. Bf4 b4 18. e6 fxe6 19. g4 Bxg4 20. Bxc7 Qxc7 21. hxg4 Qf4 22. Qd3 Qxg4+ 23. Kf1 Rxf3 24. Qxh7+ Kf7 25. Rxe6 Kxe6 26. Bd1 Rxf2+ 27. Kxf2 Rf8+ 28. Ke1 Qg1+ 29. Ke2 Qe3# 0-1

[Event "Wch U16 Girls"]
[Site "Montevideo"]
[Date "2017.09.18"]
[Round "2"]
[White "Lemus Pena, Macarena"]
[Black "Bank, Valeria"]
[Result "0-1"]
[WhiteElo "1805"]
[BlackElo "1684"]
[PlyCount "68"]
[EventDate "2017.09.17"]
[EventType "swiss"]
[EventRounds "11"]
[EventCountry "URU"]
[SourceTitle "CBM 180 Extra"]
[Source "ChessBase"]
[SourceDate "2017.10.06"]
[SourceVersion "1"]
[SourceVersionDate "2017.10.06"]
[SourceQuality "1"]

1. Nf3 Nf6 2. g3 g6 3. Bg2 Bg7 4. 0-0 0-0 5. d4 d6 6. a4 c6 7. a5 Na6 8. Nc3 Qc7 9. h3 e5 10. dxe5 dxe5 11. e4 b5 12. Qe2 Be6 13. Rd1 Rad8 14. Be3 Rfe8 15. Nd2 Nb4 16. Nb3 Bc4 17. Qd2 Rxd2 18. Rxd2 Nxc2 19. Rxc2 Bxb3 20. Rcc1 Qe7 21. Ne2 Rc8 22. Rc3 Bc4 23. Nc1 Qb4 24. Bxa7 Qxb2 25. Rca3 Bf8 26. Nd3 Bxd3 27. R3a2 Qc3 28. Be3 Bxe4 29. a6 Bxg2 30. Kxg2 Nd5 31. Bd2 Qd4 32. Re1 Nb4 33. Bxb4 Qd5+ 34. Kg1 Qxa2 0-1

[Event "Wch U16 Girls"]
[Site "Montevideo"]
[Date "2017.09.17"]
[Round "1"]
[White "Bank, Valeria"]
[Black "Ozbay, Ece"]
[Result "0-1"]
[WhiteElo "1684"]
[BlackElo "1998"]
[PlyCount "108"]
[EventDate "2017.09.17"]
[EventType "swiss"]
[EventRounds "11"]
[EventCountry "URU"]
[SourceTitle "CBM 180 Extra"]
[Source "ChessBase"]
[SourceDate "2017.10.06"]
[SourceVersion "1"]
[SourceVersionDate "2017.10.06"]
[SourceQuality "1"]

1. e4 c5 2. Nf3 e6 3. Nc3 Nc6 4. Be2 Nd4 5. 0-0 Nxe2+ 6. Qxe2 d6 7. d4 cxd4 8. Nxd4 Be7 9. Rd1 a6 10. Be3 Qc7 11. f4 Nf6 12. Bf2 0-0 13. Nb3 b5 14. a3 Bb7 15. Rd3 Rfd8 16. Rad1 Rac8 17. g4 d5 18. e5 Ne4 19. Nxe4 dxe4 20. Rxd8+ Rxd8 21. Rxd8+ Qxd8 22. Nc5 Bxc5 23. Bxc5 Qd5 24. Be3 Qa2 25. Qd2 Bd5 26. c3 h6 27. Kg2 Bc4 28. h4 Qb1 29. Qc1 Qd3 30. Qd2 Qf1+ 31. Kh2 Be2 32. g5 h5 33. Bg1 Kh7 34. Qe3 Bf3 35. Qf2 Qc1 36. Kg3 Kg6 37. b4 Qxc3 38. Qe3 Qc2 39. Bf2 Qc4 40. Qe1 Qd3 41. Qc1 Bg4+ 42. Qe3 Qb1 43. Be1 Kf5 44. Qd2 Qb3+ 45. Qc3 Qd1 46. Qe3 Qc2 47. Bf2 Qc4 48. Qe1 Qd3+ 49. Be3 Qxa3 50. Qd2 Qa1 51. Qd7 Qe1+ 52. Bf2 Qc3+ 53. Kh2 Qh3+ 54. Kg1 Bf3 0-1

[Event "ARG-ch (Women) 70th"]
[Site "Buenos Aires"]
[Date "2017.06.15"]
[Round "4"]
[White "Liguo, Victoria"]
[Black "Bank, Valeria"]
[Result "0-1"]
[WhiteElo "1484"]
[BlackElo "1683"]
[PlyCount "60"]
[EventDate "2017.06.12"]
[EventType "swiss"]
[EventRounds "9"]
[EventCountry "ARG"]
[SourceTitle "CBM 179 Extra"]
[Source "ChessBase"]
[SourceDate "2017.08.23"]
[SourceVersion "1"]
[SourceVersionDate "2017.08.23"]
[SourceQuality "1"]

1. e4 c5 2. Nf3 Nc6 3. d4 cxd4 4. Nxd4 g6 5. c4 Bg7 6. Be3 Nf6 7. Nc3 0-0 8. Be2 d6 9. 0-0 Bd7 10. f3 Nxd4 11. Bxd4 a5 12. b3 Bc6 13. Qd2 Nd7 14. Bf2 Nc5 15. Rab1 Qc7 16. a3 a4 17. b4 Nb3 18. Qd3 Bh6 19. Be3 Bxe3+ 20. Qxe3 e6 21. Bd1 Bd7 22. Qd3 Qb6+ 23. Kh1 Qd4 24. Qxd4 Nxd4 25. b5 Nb3 26. Rb2 Rfc8 27. Nxa4 Rxa4 28. Bxb3 Rxa3 29. Rd1 Rca8 30. Rxd6 Rxb3 0-1

[Event "ARG-ch (Women) 70th"]
[Site "Buenos Aires"]
[Date "2017.06.12"]
[Round "1"]
[White "Fernandez, Maria Florencia"]
[Black "Bank, Valeria"]
[Result "1-0"]
[WhiteElo "2207"]
[BlackElo "1683"]
[PlyCount "85"]
[EventDate "2017.06.12"]
[EventType "swiss"]
[EventRounds "9"]
[EventCountry "ARG"]
[SourceTitle "CBM 179 Extra"]
[Source "ChessBase"]
[SourceDate "2017.08.23"]
[SourceVersion "1"]
[SourceVersionDate "2017.08.23"]
[SourceQuality "1"]

1. d4 Nf6 2. c4 e6 3. Nc3 c5 4. d5 exd5 5. cxd5 d6 6. e4 g6 7. f4 Bg7 8. Bb5+ Nfd7 9. a4 a6 10. Bd3 0-0 11. Nf3 Re8 12. 0-0 Qc7 13. Re1 c4 14. Bf1 Nc5 15. Bxc4 Bxc3 16. bxc3 Nxe4 17. Qd4 Qc5 18. Qxc5 dxc5 19. Ng5 Nd6 20. Rxe8+ Nxe8 21. Ba3 Nd6 22. Ba2 Nd7 23. a5 h6 24. Nf3 Ne4 25. Re1 Ndf6 26. Bb2 Bf5 27. Ne5 h5 28. c4 Ne8 29. h3 f6 30. g4 hxg4 31. hxg4 fxe5 32. gxf5 Nd2 33. Kf2 Nd6 34. fxe5 N6e4+ 35. Ke3 gxf5 36. Kf4 Rf8 37. e6 Nd6 38. Rh1 Nf7 39. exf7+ Kxf7 40. Rh8 Rxh8 41. Bxh8 Ne4 42. Kxf5 Nd6+ 43. Kf4 1-0

[Event "ARG-chT ART Semillero U21 Girls"]
[Site "Villa Martelli"]
[Date "2017.06.10"]
[Round "5"]
[White "Scarsi, Anna Laura"]
[Black "Bank, Valeria"]
[Result "1/2-1/2"]
[WhiteElo "1329"]
[BlackElo "1644"]
[PlyCount "127"]
[EventDate "2017.05.13"]
[EventType "team-tourn"]
[EventRounds "7"]
[EventCountry "ARG"]
[SourceTitle "EXT 2018"]
[Source "ChessBase"]
[SourceDate "2017.10.13"]
[SourceVersion "1"]
[SourceVersionDate "2017.10.13"]
[SourceQuality "1"]
[WhiteTeam "Club Villa del Parque U21 Girls"]
[BlackTeam "Ventajedrez Plastigal U21 Girls"]
[WhiteTeamCountry "ARG"]
[BlackTeamCountry "ARG"]

1. e4 c5 2. Nf3 Nc6 3. d4 cxd4 4. Nxd4 g6 5. Nc3 Bg7 6. Be3 Nf6 7. f3 0-0 8. Bc4 Qb6 9. Bb3 Nxe4 10. fxe4 Bxd4 11. Bxd4 Nxd4 12. Nd5 Qa5+ 13. c3 Nc6 14. 0-0 d6 15. Qf3 Be6 16. Kh1 Bxd5 17. exd5 Ne5 18. Qe4 Rac8 19. Rad1 Qc5 20. h3 Rc7 21. a3 Nc4 22. Bxc4 Qxc4 23. Qxc4 Rxc4 24. Rde1 Re8 25. Rf6 Kf8 26. Rff1 Rec8 27. Re2 a5 28. Rfe1 R8c7 29. Rf2 a4 30. g4 R4c5 31. Rd1 Rb5 32. Rd4 Ra5 33. g5 Kg7 34. Rdf4 e5 35. dxe6 fxe6 36. h4 Rf5 37. Kg2 b5 38. Rb4 Rxf2+ 39. Kxf2 Rc5 40. Kg3 d5 41. Kf4 Kf7 42. Kg3 e5 43. Kf3 Ke6 44. Ke3 Kd6 45. h5 e4 46. hxg6 hxg6 47. Kf4 Ke6 48. b3 Rxc3 49. bxa4 bxa4 50. Rxa4 Rf3+ 51. Kg4 Ke5 52. Ra8 Rb3 53. Re8+ Kd4 54. Re6 Rxa3 55. Rxg6 e3 56. Re6 Kd3 57. Kf3 d4 58. g6 Ra1 59. g7 Rg1 60. Re7 Kd2 61. Re4 Rxg7 62. Rxd4+ Kc3 63. Kxe3 Rg3+ 64. Kf4 1/2-1/2

[Event "ARG-chT"]
[Site "Villa Martelli"]
[Date "2016.10.01"]
[Round "2.7"]
[White "Pierucci, Fabian"]
[Black "Bank, Valeria"]
[Result "1-0"]
[WhiteElo "2026"]
[BlackElo "1674"]
[PlyCount "87"]
[EventDate "2016.09.24"]
[EventType "team-swiss"]
[EventRounds "9"]
[EventCountry "ARG"]
[SourceTitle "EXT 2017"]
[Source "ChessBase"]
[SourceDate "2016.10.25"]
[SourceVersion "1"]
[SourceVersionDate "2016.10.25"]
[SourceQuality "1"]
[WhiteTeam "Ventajedrez Plastigal"]
[BlackTeam "Torre Blanca"]
[WhiteTeamCountry "ARG"]
[BlackTeamCountry "ARG"]

1. d4 Nf6 2. c4 e6 3. Nf3 c5 4. d5 exd5 5. cxd5 d6 6. Nc3 g6 7. e4 Bg7 8. Bd3 0-0 9. 0-0 Re8 10. Nd2 Na6 11. Nc4 Nc7 12. Bf4 Bf8 13. a4 Nh5 14. Be3 Qh4 15. Qd2 f6 16. f4 Bd7 17. Rf3 Ng7 18. f5 gxf5 19. exf5 Bxf5 20. Rf4 Qh5 21. Bxf5 Nxf5 22. g4 Qg6 23. Rxf5 Qxg4+ 24. Qg2 Qxg2+ 25. Kxg2 Kf7 26. Raf1 Be7 27. Ne4 Rg8+ 28. Kh1 Ne8 29. Ng5+ Kg6 30. Ne6 Ng7 31. Nxg7 Kxg7 32. Bf4 Rad8 33. Bg3 Kh8 34. Re1 Rd7 35. Bh4 Rf8 36. Re6 Kg7 37. Bg3 Rfd8 38. Nd2 Kg6 39. Rf2 a6 40. Ne4 b5 41. axb5 axb5 42. Nxf6 Bxf6 43. Rfxf6+ Kg5 44. Kg2 1-0